000 00804nam a2200253Ia 4500
003 OSt
005 20220923220752.0
006 a|||||r|||| 00| 0
007 ta
008 220922b |||||||| |||| 00| 0 hin d
024 _a190,233
037 _cTextual
040 _aARTS
_cARTS
_bhin
041 _2hin
_ahin
082 _aO152,2NPA1bx, L2
100 _aपाण्डेय, ठाकुरदत्त
245 0 _aपांच एकांकी एक सपना
246 _aPāancha ekāankī ek sapanā
260 _aमोरिशस
_c1972
300 _a111पृ.
_ccm.
650 _aहिन्दी साहित्य
_9156264
942 _hO152,2NPA1bx, L2
_cTEXL
_2CC
999 _c343015
_d343015